Исследование плазмы высокочастотного магнетронного разряда; Актуальные вопросы биомедицинской инженерии

Xehetasun bibliografikoak
Parent link:Актуальные вопросы биомедицинской инженерии.— 2014.— [С. 296-299]
Egile nagusia: Мельников Е. С. Евгений Сергеевич
Erakunde egilea: Национальный исследовательский Томский политехнический университет (ТПУ) Физико-технический институт (ФТИ) Кафедра теоретической и экспериментальной физики (ТиЭФ)
Beste egile batzuk: Мухаметкалиев Т. М. Тимур Мухамедрашидович
Gaia:Заглавие с экрана
Hizkuntza:errusiera
Argitaratua: 2014
Gaiak:
Sarrera elektronikoa:http://www.sstu.ru/upload/medialibrary/1ac/bma-actual2015.pdf#page=296
Formatua: Baliabide elektronikoa Liburu kapitulua
KOHA link:https://koha.lib.tpu.ru/cgi-bin/koha/opac-detail.pl?biblionumber=644012

MARC

LEADER 00000naa0a2200000 4500
001 644012
005 20250606153550.0
035 |a (RuTPU)RU\TPU\network\9040 
035 |a RU\TPU\network\1876 
090 |a 644012 
100 |a 20151026d2014 k y0rusy50 ca 
101 0 |a rus 
102 |a RU 
135 |a drcn ---uucaa 
181 0 |a i  
182 0 |a b 
200 1 |a Исследование плазмы высокочастотного магнетронного разряда  |f Е. С. Мельников, Т. М. Мухаметкалиев 
203 |a Текст  |c электронный 
300 |a Заглавие с экрана 
320 |a [Библиогр.: с. 298-299 (7 назв.)] 
463 |t Актуальные вопросы биомедицинской инженерии  |o сборник материалов IV Всероссийской научной конференции для молодых ученых, студентов и школьников, 20 октября - 15 декабря 2014 г.  |f отв. ред. В. Н. Лясников  |v [С. 296-299]  |d 2014 
610 1 |a электронный ресурс 
610 1 |a труды учёных ТПУ 
700 1 |a Мельников  |b Е. С.  |c физик  |c лаборант Томского политехнического университета  |f 1992-  |g Евгений Сергеевич  |3 (RuTPU)RU\TPU\pers\34111 
701 1 |a Мухаметкалиев  |b Т. М.  |c физик  |c инженер-исследователь Томского политехнического университета  |f 1991-  |g Тимур Мухамедрашидович  |3 (RuTPU)RU\TPU\pers\32477 
712 0 2 |a Национальный исследовательский Томский политехнический университет (ТПУ)  |b Физико-технический институт (ФТИ)  |b Кафедра теоретической и экспериментальной физики (ТиЭФ)  |3 (RuTPU)RU\TPU\col\18726 
801 1 |a RU  |b 63413507  |c 20141010 
801 2 |a RU  |b 63413507  |c 20170206  |g RCR 
850 |a 63413507 
856 4 |u http://www.sstu.ru/upload/medialibrary/1ac/bma-actual2015.pdf#page=296 
942 |c CF